000 010970000a22003010004500
999 _c46501
_d46501
001 20148
003 CO-MdFUSB
005 20180518091046.0
008 180518t1957 enk||||g |||| 00| 0 eng d
040 _aCO-MdFUSB
_bspa
_cCO-MdFUSB
_dCO-MdFUSB
_erda
041 _aeng
082 _224
_aR 888.01
_bAU923ci
100 1 _aAugustine, Aurelius
_eautor
245 1 0 _aSaint Augustine
_b: The city of God against the pagans
_c/ Traducido por George E. McCracken, William M. Green, David S. Wiesen, Philip Levine, Eva Matthews Sanford, William Chase Greene
260 _a
264 1 _aLondon :
_bWilliam Heinemann Ltd.,
_c℗1957, 1963, 1968, 1966, 1965, 1960, 1972
300 _a7 volúmenes
_b:
_c;
336 _2rdacontent
_atexto
_btxt
337 _2rdamedia
_asin mediación
_bn
338 _2rdacarrier
_avolumen
_bnc
490 4 _aThe Loeb Classical Library
500 _aIncluye índices (Vol. 7)
505 0 _aUna traducción del libro "La ciudad de Dios contra los paganos"
563 _aPasta dura
650 7 _959
_aPadres de la Iglesia
942 _cBK